| Tag |
First Indicator |
Second Indicator |
Subfields |
| LEADER |
00000cam a2200000 a 4500 |
| 001 |
in00002380021 |
| 005 |
20151109043803.0 |
| 008 |
901030s1991 nyuab 000 0 spa |
| 010 |
|
|
|a 90023151
|
| 020 |
|
|
|a 0393960609
|
| 020 |
|
|
|a 9780393960600
|
| 035 |
|
|
|a (OCoLC)ocm22733250
|
| 035 |
|
|
|a (OCoLC)22733250
|
| 040 |
|
|
|a DLC
|c DLC
|d TAI
|d BAKER
|d BTCTA
|d TXA
|d UtOrBLW
|
| 049 |
|
|
|a TXAM
|
| 050 |
0 |
0 |
|a PQ6172
|b .E84 1991
|
| 082 |
0 |
0 |
|a 860.8
|2 20
|
| 245 |
0 |
0 |
|a España en su literatura /
|c edited by Nicholson B. Adams, John E. Keller, Rafael A. Aguirre.
|
| 250 |
|
|
|a 3rd ed.
|
| 264 |
|
1 |
|a New York :
|b Norton,
|c [1991]
|
| 264 |
|
4 |
|c ©1991
|
| 300 |
|
|
|a xi , 560 pages :
|b illustrations, maps ;
|c 21 cm.
|
| 336 |
|
|
|a text
|b txt
|2 rdacontent
|
| 337 |
|
|
|a unmediated
|b n
|2 rdamedia
|
| 338 |
|
|
|a volume
|b nc
|2 rdacarrier
|
| 500 |
|
|
|a The Evans Library copy forms part of the Lee Fontanella Collection.
|
| 650 |
|
0 |
|a Spanish literature.
|
| 650 |
|
0 |
|a Spanish language
|v Readers.
|
| 650 |
|
7 |
|a Literatura española.
|2 bidex
|
| 650 |
|
7 |
|a Libros de lectura.
|2 bidex
|
| 700 |
1 |
|
|a Adams, Nicholson B.
|q (Nicholson Barney),
|d 1895-1970.
|
| 700 |
1 |
|
|a Keller, John Esten.
|
| 700 |
1 |
|
|a Aguirre, Rafael A.
|
| 938 |
|
|
|a Baker & Taylor
|b BKTY
|c 51.15
|d 51.15
|i 0393960609
|n 0002046376
|s active
|
| 938 |
|
|
|a Baker and Taylor
|b BTCP
|n BK0007326858
|
| 994 |
|
|
|a C0
|b TXA
|
| 948 |
|
|
|a cataloged
|b h
|c 2008/4/22
|d c
|e jlanham
|f 4:06:23 pm
|
| 999 |
|
|
|a MARS
|
| 999 |
f |
f |
|s ff9c60b8-b742-3306-924a-fce2fb668ee9
|i e37d29dd-7803-3548-8bed-431363ef28ae
|t 0
|
| 952 |
f |
f |
|p normal
|a Texas A&M University
|b College Station
|c Sterling C. Evans Library
|d Evans: Library Stacks
|t 0
|e PQ6172 .E84 1991
|h Library of Congress classification
|i unmediated -- volume
|m A14837213152
|
| 998 |
f |
f |
|a PQ6172 .E84 1991
|t 0
|l Evans: Library Stacks
|